Quaestio facti Ensayos sobre prueba, causalidad y accin̤ /

Detalles Bibliográficos
Autor principal: Gonzl̀ez Lagier, Daniel
Formato: eBook
Lenguaje:español
Publicado: Lima: Palestra Editores, 2005
Materias:
Acceso en línea:Acceso restringido

MARC

LEADER 00000nam a22000007a 4500
005 2019082705275.0
007 cr|||| ||||
008 190827s2005 pe |||||s|||| 00||0 spa d
020 |a 9972-733-90-4 
035 |a 24204 
040 |a vLex 
090 |c 9285  |d 9285 
100 1 |a Gonzl̀ez Lagier, Daniel 
245 1 0 |a Quaestio facti  |h [Recurso electrn̤ico] :  |b Ensayos sobre prueba, causalidad y accin̤ /  |c Daniel Gonzl̀ez Lagier 
256 |a Servicio en ln̕ea 
260 |a Lima:  |b Palestra Editores,  |c 2005 
300 |a 1 recurso electrn̤ico 
506 1 |a Disponible solo en los productos indicados  |d vLex Global  |d vLex Global (Academic Edition, excluding Law Schools)  |d vLex Global (U.S. Academic Edition, Law Schools)  |d vLex Global (U.S. Academic Edition, excluding Law Schools)  |d vLex Global (Academic Edition, Law Schools) 
650 0 4 |a Derecho Procesal  |z Per︢ 
740 0 |a vLex Libros (Servicio en ln̕ea) 
856 4 0 |u http://vlex.com/source/quaestio-facti-ensayos-prueba-causalidad-accion-24204  |z Acceso restringido 
942 |c BOOK 
999 0 |a Procedural law